000 00585cam a2200229 4500
001 B1041
008 090401t1979 xxu||||| |||| 00| 0 eng d
035 _a(Sirsi) u42321
041 _aeng
050 _a333.3309428
110 _aBernard Thorpe and Partners
_92958
245 _aProperty market report: the North East 1978-79
260 _aLondon
_bBernard Thorpe and Partners
_c1979
300 _a12p. : ill. ; 30cm.
350 _a0
650 _aINDUSTRIAL PROPERTY
650 _aOFFICES
650 _aRESIDENTIAL
650 _aSHOPS
942 _n0
948 _c04/03/1997
999 _c91071
_d91071